1098 1836 1741 1073 1403 1926 1318 1573 1645 1396 1316 1775 1756 1377 1157 1891 1671 1721 1465 1646 1840 1432 1532 1657 1842 1075 1577 1220 1815 1695 1864 1227 1311 1947 1743 1644 1163 1740 1080 1873 1449 1079 1798 1359 1898 1584 1639 1297 1759 1726 1837 1083 1446 1697 1220 1448 1517 1696 1828 1928 1108 1487 1323 1697 1027 1583 1794 1865 1490 1766 1130 1379 1742 1964 1129 1295 1403 1985 1566 1808 1105 1458 1057 1137 1885 1256 1116 1664 1710 1428 1518 1076 1504 1646 1743 1664 1845 1747 1445 BCNSPRNW ULIB Ver.6.0+V

เปลี่ยนเป็นภาษาไทย

Change to English
 แสดงรายละเอียดบรรณานุกรม
  กลับหน้าหลัก

Brief Record : Get Marc (ISO 2709) : E-mail record : QR code < ปิดหน้าต่าง
LEADER : 00000nam 2200000uu 4500
001    13399120310
003     ULIB
008    120918s2549||||th 000 0 tha d
020    ^a9746435523(ล.1)
060  4 ^aWY159^bม199ก ล.1 2549
110 1  ^aมหาวิทยาลัยสุโขทัยธรรมาธิราช^bสาขาวิชาพยาบาลศาสตร์
245 00 ^aเอกสารการสอนชุดวิชา การพยาบาลเด็กและวัยรุ่น หน่วยที่ 1-5=^bNursing care of the child and adolescent/^cบรรณาธิการ ศรีนวล โอสถเสถียร
246 0  ^aNursing care of the child and adolescent
250    ^aพิมพ์ครั้งที่ 5
260    ^aนนทบุรี:^bศูนย์หนังสือมหาวิทยาลัยสุโขทัยธรรมาธิราช,^c2549
300    ^a508 หน้า
650  7 ^aการติดเชื้อ^xการพยาบาลเด็กและวัยรุ่น
650  7 ^aการพยาบาลกุมารเวชศาสตร์
700 0  ^aศรีนวล โอสถเสถียร,^eบรรณาธิการ
710 2  ^aมหาวิทยาลัยสุโขทัยธรรมาธิราช^bสาขาวิชาพยาบาลศาสตร์
945    ^p0^l0^i24373
945    ^p0^l0^i14675
995    ^aวิภา
999 ^a ใช้งานได้ทุกระบบ
รายการนี้ยังไม่มีแท็ก
คุณยังไม่ได้ล็อกอิน คุณสามารถมีกิจกรรมร่วมกับเว็บไซต์ได้ แต่ต้องล็อกอินก่อน ::
  ล็อกอิน

รายการสื่อสารสนเทศ

ลำดับที่ ประเภท เลขเรียก/บาร์โค้ด สถานที่ สถานะ
1. Book การพยาบาล
Book การพยาบาล
WY159 ม199ก ล.1 2549  
  Barcode: 24373
ห้องสมุดวิทยาเขตนครสวรรค์
►หนังสือทั่วไป:l:General Books
บนชั้น
2. Book การพยาบาล
Book การพยาบาล
สถานะ=หนังสือเก่า
WY159 ม199ก ล.1 2549 ฉ.1 
  Barcode: 14675
ห้องสมุดวิทยาเขตนครสวรรค์
►หนังสือทั่วไป:l:General Books
บนชั้น

รายการใกล้เคียง
    หัวเรื่อง [การพยาบาลกุมารเวชศาสตร์]

BibComment


ยังไม่เคยถูกคอมเมนท์

คอมเมนท์ทรัพยากรรายการนี้
  คอมเมนท์: เอกสารการสอนชุดว..


 Copyright 2026. Bcnsprnw @Library